| 000 | 00596nam a22002057a 4500 | ||
|---|---|---|---|
| 005 | 20170124110232.0 | ||
| 010 | _a731482 | ||
| 020 | _c00.00 | ||
| 035 | _a731482 | ||
| 037 | _bCen Lib/Ret | ||
| 040 |
_aDPL _bEN |
||
| 082 |
_a016.954 _bCHI |
||
| 245 |
_aChina : a bibliography 1963-1972 : _cedited by Satyaprakash _ban indian press index / |
||
| 260 |
_aGurgaon _bIndian Documentation Service _c1974 |
||
| 300 |
_a156p. _c21cm(Hb) |
||
| 650 |
_aChina -- Bibliography _941389 |
||
| 650 |
_aChina _911515 |
||
| 700 |
_aSatyaprakash _92882 |
||
| 942 |
_2ddc _cEN _h016.954 _mCHI |
||
| 999 |
_c134680 _d134680 |
||